Paesi nominati nella pagina Wikipedia dell'Ucraina - Statistics

Statistiche generali
  • Questo quiz è stato fatto 22 volte
  • Il punteggio medio è 14 su 17
Statistiche sulle risposte
Volte in cui viene nominato Indizio (basato sul motivo per cui lo stato è nominato nella pagina Wikipedia) Paese % Corretto
1 Paese confinante Moldavia
100%
3 Paese confinante Romania
100%
18 Paese confinante Russia
100%
2 Paese confinante Bielorussia
94%
1 L'Ucraina è il secondo paese più esteso d'Europa, questo è il terzo Francia
94%
1 Rispetto al PIL, l'Ucraina ha un consumo di energia doppio rispetto a quello di questa potenza europea Germania
94%
1 Paese d'origine di una storica minoranza che nel XIX secolo si stabilì in Crimea Italia
94%
5 Paese confinante Polonia
94%
2 Paese confinante Slovacchia
94%
2 Paese confinante Ungheria
94%
2 Meta di emigrazione di ucraini Stati Uniti
83%
1 Paese verso il quale, durante l'epoca sovietica, vennero deportate delle minoranza dall'Ucraina Kazakistan
78%
2 Paese che controllò in passato parte dell'attuale territorio ucraino Austria
72%
1 Paese asiatico dal quale numerosi turisti si recano in Ucraina Giappone
72%
1 Meta di emigrazione di ucraini Canada
67%
1 In Ucraina è stato reintrodotto il cavallo di Przewalskii a scopo conservativo, con capi provenienti da questo paese Mongolia
61%
1 Tra i principali partner energetici dell'Ucraina Turkmenistan
28%
Nessun quiz corrispondente trovato
Distribuzione punteggi
Percentuale di utenti per punteggio
Percentile per numero di risposta
I tuoi punteggi nel tempo
Non hai fatto questo quiz